បច្ចេកទេសដាំដុះ និងផលិតពូជពោត (Record no. 134)
[ view plain ]
| 000 -LEADER | |
|---|---|
| fixed length control field | 00464nam a22001577a 4500 |
| 003 - CONTROL NUMBER IDENTIFIER | |
| control field | OSt |
| 005 - DATE AND TIME OF LATEST TRANSACTION | |
| control field | 20150908143542.0 |
| 008 - FIXED-LENGTH DATA ELEMENTS--GENERAL INFORMATION | |
| fixed length control field | 150908b xxu||||| |||| 00| 0 eng d |
| 040 ## - CATALOGING SOURCE | |
| Transcribing agency | RUA |
| 082 ## - DEWEY DECIMAL CLASSIFICATION NUMBER | |
| Classification number | AGR ហ៊ីង 1992 B006 Or.1 |
| 100 ## - MAIN ENTRY--PERSONAL NAME | |
| 9 (RLIN) | 153 |
| Personal name | ហ៊ីង ធីតា |
| 245 ## - TITLE STATEMENT | |
| Title | បច្ចេកទេសដាំដុះ និងផលិតពូជពោត |
| 260 ## - PUBLICATION, DISTRIBUTION, ETC. (IMPRINT) | |
| Place of publication, distribution, etc. | Phnom Penh |
| Name of publisher, distributor, etc. | RUA |
| Date of publication, distribution, etc. | 1992 |
| 300 ## - PHYSICAL DESCRIPTION | |
| Extent | 79p. |
| Other physical details | ill. |
| Dimensions | 29cm. |
| 942 ## - ADDED ENTRY ELEMENTS (KOHA) | |
| Source of classification or shelving scheme | |
| Koha item type | AGR |
| Price effective from | Date last seen | Permanent Location | Not for loan | Date acquired | Source of classification or shelving scheme | Koha item type | Lost status | Withdrawn status | Date last checked out | Total Checkouts | Shelving location | Damaged status | Barcode | Current Location | Full call number |
|---|---|---|---|---|---|---|---|---|---|---|---|---|---|---|---|
| 2015-09-08 | 2021-01-05 | Library Block B | 2015-09-08 | AGR | 2020-12-22 | 1 | B006 | RUA003701 | Library Block B | AGR ហ៊ីង 1992 B006 Or.1 | |||||
| 2015-09-08 | 2024-08-16 | Library Block B | 2015-09-08 | AGR | 2024-01-11 | 1 | B006 | RUA003629 | Library Block B | AGR ហ៊ីង 1992 B006 Or.2 | |||||
| 2015-09-08 | 2016-10-11 | Library Block B | 2015-09-08 | AGR | 2016-09-21 | 1 | B006 | RUA003995 | Library Block B | AGR ហ៊ីង 1992 B006 Or.3 | |||||
| 2015-09-08 | 2015-09-08 | Library Block B | 2015-09-08 | AGR | B006 | RUA003923 | Library Block B | AGR ហ៊ីង 1992 B006 Or.4 | |||||||
| 2015-09-08 | 2015-09-08 | Library Block B | 2015-09-08 | AGR | B006 | RUA003700 | Library Block B | AGR ហ៊ីង 1992 B006 Or.5 |